Statistics for WWE Royal Rumble 2016 Entrants Quiz

Click here to take the quiz!

General Stats

  • This quiz has been taken 2,720 times
  • The average score is 21 of 30

Answer Stats

ENAnswerEL% Correct
1Roman Reigns28
97%
30Triple HW
95%
19Dean Ambrose29
92%
3A.J. Styles11
88%
2Rusev1
86%
27Bray Wyatt25
82%
29Sheamus27
82%
7Kane9
79%
13Luke Harper19
79%
21Erick Rowan17
75%
18Kevin Owens12
75%
17Braun Strowman20
74%
23Brock Lesnar21
74%
6Chris Jericho26
73%
28Dolph Ziggler24
73%
10Kofi Kingston6
73%
15Big Show10
72%
20Sami Zayn16
69%
26Alberto Del Rio23
68%
25The Miz22
68%
8Goldust4
56%
22Mark Henry15
55%
5Curtis Axel3
52%
14Stardust14
52%
12R-Truth5
51%
4Tyler Breeze2
51%
9Ryback8
47%
24Jack Swagger18
45%
11Titus O'Neil7
42%
16Neville13
41%

Score Distribution

Percentile by Number Answered

Percent of People with Each Score

Your Score History

You have not taken this quiz